| 000 | 01023cam a2200265 4500 | ||
|---|---|---|---|
| 001 | X113642 | ||
| 008 | 010712n2001 000 0 eng u | ||
| 035 | _a(Sirsi) u113642 | ||
| 100 | _aKing, M. | ||
| 245 | _aPutting the 'sustainable' in developments | ||
| 260 | _c2001 | ||
| 490 |
_aAxis _v56(3) June-July 2001, 38(1) |
||
| 520 | _aDescribes the benefits of district energy, including reduced energy bills and improved environmental performance. District energy, which may include delivering cooling as well as combined heat and power (CHP), is particularly popular among social housing providers and has already been adopted by local authorities in London, Leicester, Sheffield and Southampton. | ||
| 650 | _aCHP | ||
| 650 | _aCOMBINED HEAT AND POWER | ||
| 650 | _aCOOLING | ||
| 650 | _aDISTRICT ENERGY | ||
| 650 | _aENERGY EFFICIENCY | ||
| 650 | _aENERGY SAVING | ||
| 650 | _aENVIRONMENTAL PERFORMANCE | ||
| 650 | _aHOUSING | ||
| 650 | _aSOCIAL HOUSING | ||
| 650 | _aENERGY-EFFICIENCY | ||
| 942 | _n0 | ||
| 999 |
_c67717 _d67717 |
||